Contabilidad básica (Registro nro. 1707)

Detalles MARC
000 -LEADER
fixed length control field 02232 a2200229 4500
001 - CONTROL NUMBER
control field 28398
005 - DATE AND TIME OF LATEST TRANSACTION
control field 20260407155555.0
008 - FIXED-LENGTH DATA ELEMENTS--GENERAL INFORMATION
fixed length control field 260407a1972 arg spa d
003 - CONTROL NUMBER IDENTIFIER
control field AR-UNSa-BCEJYS
040 ## - CATALOGING SOURCE
Original cataloging agency AR-UNSa-BCEJYS
Language of cataloging spa
Transcribing agency AR-UNSa-BCEJYS
080 ## - UNIVERSAL DECIMAL CLASSIFICATION NUMBER
Universal Decimal Classification number 657
Common auxiliary subdivision Contabilidad
100 1# - MAIN ENTRY--PERSONAL NAME
Personal name Holmes, Arthur W.
245 10 - TITLE STATEMENT
Title Contabilidad básica
264 #1 - PRODUCTION, PUBLICATION, DISTRIBUTION, MANUFACTURE, AND COPYRIGHT NOTICE
Place of production, publication, distribution, manufacture México :
Name of producer, publisher, distributor, manufacturer CECSA (Compañia Editorial Continental)
Date of production, publication, distribution, manufacture, or copyright notice 1972
300 ## - PHYSICAL DESCRIPTION
Extent 720 p.
Dimensions 23 cm.
505 ## - FORMATTED CONTENTS NOTE
Formatted contents note 1.Contabilidad, medición y comunicación - 2. La cuenta, el mayor, la balanza de comprobación - 3. El diario general, traspasos, cierre - 4. Contabilidad mercantil - 5. Trasnacciones continuaso no terminadas - 6. Transacciones continuas, hoja de trabajo - 8. Procesamiento de datos para control, documentos y procedimientos, informes - 9. Instrumentos negociables: Pagarés y letra de cambio - 10. Impuestos sobre sueldos y otros - 11. Determinación y valuación de la utilidad, ilustración de sumarios períodicos - 12. Cuentas de control y libros mayores auxiliares: Libros diarios especiales - 13. Diarios y registros especiales; impuesto sobre ventas - 14. El sistema de pólizas - 15. Efectivo y previsiones para efectivo - 16. Las sociedades anónimas - 17. Sociedades aónimas - 18. Sociedades anónimas - 19. Bonos de sociedades anónimas - 20. Propietario unico, sociedades en nombre colectivo - 21. Sociedades(conclusión) - 22. Pérdidas y cuentas de créditos por cobrar, inversiones e ingresops por inversiones - 23. Inventarios y costos de ventas - 24. Activos fijos, depreciación y amortización - 25. Contabilidad de ventas por departamentos y sucursales - 26. Contabilidad de costos de fabricación - 27. Contabilidad de costos: Inventarios perpetuos - 28.Utilización de los datos contables en las decisiones empresariales: Análisis de estados financieros - 29. Utlización de los datos contables en las decisiones gerenciales: Análisis de los estados financiero(conclusión)- 30. Empleo de los datos contables en las decisiones gerenciales: análisi y presupuestos incrementales.
590 ## - LOCAL NOTE (RLIN)
Local note niveau_biblio:m niveau_hierar:0
700 1# - ADDED ENTRY--PERSONAL NAME
Personal name Maynard, Gilbert P.
700 1# - ADDED ENTRY--PERSONAL NAME
Personal name Edwards, James Don
700 1# - ADDED ENTRY--PERSONAL NAME
Personal name Meier, Robert
942 ## - ADDED ENTRY ELEMENTS (KOHA)
Koha item type
Existencias
Withdrawn status Lost status Damaged status Not for loan Home library Current library Shelving location Date acquired Total checkouts Full call number Barcode Date last seen Price effective from Koha item type
        Biblioteca Prof. Eusebio Cleto del Rey Biblioteca Prof. Eusebio Cleto del Rey   07/04/2026   657 C759c L26714 07/04/2026 07/04/2026 Libro
        Biblioteca Prof. Eusebio Cleto del Rey Biblioteca Prof. Eusebio Cleto del Rey   07/04/2026   657 C759c L33360 07/04/2026 07/04/2026 Libro
        Biblioteca Prof. Eusebio Cleto del Rey Biblioteca Prof. Eusebio Cleto del Rey   07/04/2026   657 C759c L33361 07/04/2026 07/04/2026 Libro